Zoskupenia jednotiek v systéme národných účtov ESA 2010
Pokračovanie príspevku z predchádzajúceho čísla. Zoskupenie inštitucionálnych jednotiek do inštitucionálnych sektorov.
Salvato in:
| Autore principale: | |
|---|---|
| Natura: | Capitolo di libro |
| Lingua: | slovacco |
| Soggetti: | |
| Tags: |
Nessun Tag, puoi essere il primo ad aggiungerne!!
|
MARC
| LEADER | 00000nla a2200000 4500 | ||
|---|---|---|---|
| 001 | 0214420 | ||
| 005 | 20240502073602.5 | ||
| 041 | 0 | |a slo | |
| 044 | |a SK | ||
| 245 | 1 | 0 | |a Zoskupenia jednotiek v systéme národných účtov ESA 2010 |c Zuzana Staríčková |
| 520 | |a Pokračovanie príspevku z predchádzajúceho čísla. Zoskupenie inštitucionálnych jednotiek do inštitucionálnych sektorov. | ||
| 610 | 2 | 0 | |a účty národné |
| 610 | 2 | 0 | |a ukazovatele makroekonomické |
| 610 | 2 | 0 | |a organizácie neziskové |
| 610 | 2 | 0 | |a trh finančný |
| 100 | 1 | |a Staríčková, Zuzana | |